[Event "BL 9394 HSK-Erfurt"]
[Site "?"]
[Date "1994.??.??"]
[Round "?.7"]
[White "Troyke, C."]
[Black "Reefschlaeger, H."]
[Result "1-0"]
[WhiteElo "2375"]
[BlackElo "2385"]
[PlyCount "77"]
[EventDate "1994.??.??"]

1. g3 Nf6 2. Bg2 g6 3. d4 Bg7 4. e4 d6 5. Ne2 O-O 6. O-O e5 7. c4 c6 8. Nbc3
Nbd7 9. d5 cxd5 10. Nxd5 Nxd5 11. Qxd5 Nc5 12. b3 Qe7 13. Be3 Be6 14. Qd2 a6
15. Rad1 Rfd8 16. Nc3 Bf8 17. f4 f6 18. f5 Bf7 19. fxg6 hxg6 20. Bh6 Nd7 21.
Bh3 Bxh6 22. Qxh6 Nf8 23. Rf2 d5 24. Nxd5 Bxd5 25. cxd5 b5 26. Rc1 Ra7 27. Qe3
Nh7 28. Rc6 Rc7 29. Rfc2 Rxc6 30. Rxc6 Ng5 31. Be6+ Kg7 32. h4 Nxe6 33. Rxe6
Qa3 34. Qa7+ Kh6 35. Rxf6 Qxa2 36. Rf7 Kh5 37. Qe3 Kg4 38. Rf2 Qa1+ 39. Kg2 1-0

[Event "BL 9394 HSK-Erfurt"]
[Site "?"]
[Date "1994.??.??"]
[Round "?.8"]
[White "Heinemann, T."]
[Black "Brueggemann, Joa"]
[Result "1-0"]
[WhiteElo "2380"]
[BlackElo "2340"]
[PlyCount "145"]
[EventDate "1994.??.??"]

1. e4 c5 2. Nf3 e6 3. b3 d5 4. exd5 Qxd5 5. Bb2 Nc6 6. Be2 Nf6 7. O-O Be7 8. c4
Qd7 9. d4 cxd4 10. Nxd4 O-O 11. Nxc6 Qxc6 12. Bf3 Qc7 13. Qe2 Bd7 14. Be5 Qc8
15. Nc3 Bc6 16. Rfd1 a6 17. Ne4 Nxe4 18. Bxe4 Rd8 19. Rxd8+ Qxd8 20. Bxc6 bxc6
21. Rd1 Qa5 22. h3 Rd8 23. Rxd8+ Qxd8 24. Bc3 c5 25. Qd2 Qb8 26. Qd7 Bf6 27.
Ba5 g5 28. Qc7 Qf8 29. Bb6 Be7 30. Qd7 h5 31. Bc7 h4 32. Be5 Kh7 33. Qd3+ Kh6
34. Kf1 f6 35. Bc3 Qc8 36. a3 e5 37. b4 Qe6 38. f3 Kg7 39. Be1 f5 40. Bc3 Kf7
41. Qe2 e4 42. fxe4 fxe4 43. b5 axb5 44. cxb5 Qb3 45. Qb2 Qd1+ 46. Be1 c4 47.
Qe2 Qd3 48. a4 Bc5 49. a5 Ke6 50. Qxd3 exd3 51. a6 Kd5 52. Ba5 c3 53. Bxc3 Kc4
54. Bd2 Kxb5 55. Bxg5 Kxa6 56. Bxh4 Be3 57. Bf6 Kb5 58. Ke1 Kc4 59. g4 Kd5 60.
h4 Ke6 61. Bc3 Kd5 62. Bd2 Bd4 63. h5 Ke4 64. h6 Ke5 65. Kf1 Kf6 66. Kg2 Kg6
67. Kf3 Bf6 68. Ke4 Bg5 69. Bxg5 Kxg5 70. h7 d2 71. h8=Q d1=Q 72. Qh5+ Kf6 73.
g5+ 1-0

[Event "BL 9394 Stadthagen-Dresden"]
[Site "?"]
[Date "1994.??.??"]
[Round "?.1"]
[White "Bologan, V."]
[Black "Khalifman, A."]
[Result "1/2-1/2"]
[WhiteElo "2585"]
[BlackElo "2660"]
[PlyCount "85"]
[EventDate "1994.??.??"]

1. e4 c6 2. d4 d5 3. e5 Bf5 4. Nf3 e6 5. Be2 c5 6. c3 Nc6 7. O-O cxd4 8. cxd4
Nge7 9. a3 Be4 10. Nbd2 Nf5 11. b4 a5 12. g4 Nfxd4 13. Nxd4 Nxd4 14. Nxe4 dxe4
15. Be3 Nxe2+ 16. Qxe2 Qd3 17. Qb2 Be7 18. bxa5 O-O 19. Rfd1 Qa6 20. Rd7 Bh4
21. Rxb7 Qxa5 22. a4 Qd8 23. Qd4 Qxd4 24. Bxd4 Ra6 25. Ra7 Rxa7 26. Bxa7 Ra8
27. Bb6 Bd8 28. Bxd8 Rxd8 29. a5 Kf8 30. a6 Ra8 31. Kf1 Ke7 32. Ke2 Kd7 33. Ke3
Kc6 34. Kd4 Ra7 35. Kxe4 Kb5 36. Kd4 Rd7+ 37. Kc3 Rc7+ 38. Kb3 Ra7 39. f4 Rxa6
40. Rxa6 Kxa6 41. Kc4 Kb6 42. f5 g5 43. fxe6 1/2-1/2

[Event "BL 9394 Stadthagen-Dresden"]
[Site "?"]
[Date "1994.??.??"]
[Round "?.2"]
[White "Lobron, E."]
[Black "Uhlmann, W."]
[Result "1-0"]
[WhiteElo "2570"]
[BlackElo "2475"]
[PlyCount "119"]
[EventDate "1994.??.??"]

1. d4 Nf6 2. c4 g6 3. Nc3 Bg7 4. e4 d6 5. Nf3 O-O 6. Be2 e5 7. O-O Nc6 8. d5
Ne7 9. Nd2 a5 10. a3 Bd7 11. Rb1 a4 12. b4 axb3 13. Nxb3 c5 14. dxc6 Bxc6 15.
Qd3 Nh5 16. Bxh5 gxh5 17. Rd1 f5 18. Bg5 Qe8 19. Bxe7 Qxe7 20. Nd5 Qg5 21. Nd2
Kh8 22. exf5 Qxf5 23. Qxf5 Rxf5 24. Ne4 Bf8 25. Rd3 Rf7 26. h4 Ra5 27. Rb6 Be7
28. g3 Bd8 29. Rb4 Rd7 30. f3 Kg7 31. Kg2 Kg6 32. Rb2 Kf5 33. Rbd2 Ke6 34. Kh3
h6 35. Ndc3 Be7 36. Nd5 Bd8 37. Kg2 Kf7 38. Nb4 Bxe4 39. fxe4 Ke6 40. Rf3 Rc5
41. Rf5 Rxc4 42. Rxh5 Rh7 43. Re2 Bb6 44. g4 Bd4 45. Nd5 Rc8 46. Kh3 Ra8 47. g5
Kf7 48. g6+ Kxg6 49. Rg2+ Kf7 50. Rf5+ Ke6 51. Rg6+ Kd7 52. Nf6+ Kc6 53. Nxh7
Rxa3+ 54. Rg3 Ra8 55. Nf6 b5 56. Nd5 Rb8 57. Nb4+ Kb6 58. Rf7 Bc5 59. Nd5+ Ka5
60. Ra7+ 1-0

[Event "BL 9394 Stadthagen-Dresden"]
[Site "?"]
[Date "1994.??.??"]
[Round "?.3"]
[White "Borriss, M."]
[Black "Sax, G."]
[Result "1/2-1/2"]
[WhiteElo "2375"]
[BlackElo "2520"]
[PlyCount "42"]
[EventDate "1994.??.??"]

1. e4 c5 2. Nf3 e6 3. d4 cxd4 4. Nxd4 Nf6 5. Nc3 d6 6. g4 h6 7. h4 Be7 8. Rg1
d5 9. exd5 Nxd5 10. Nxd5 Qxd5 11. Be3 a6 12. g5 hxg5 13. hxg5 Bd7 14. Bg2 Qc4
15. Qe2 Qxe2+ 16. Kxe2 Nc6 17. Nxc6 Bxc6 18. Bxc6+ bxc6 19. Rh1 O-O-O 20. f4 g6
21. c4 Bd6 1/2-1/2

[Event "BL 9394 Stadthagen-Dresden"]
[Site "?"]
[Date "1994.??.??"]
[Round "?.4"]
[White "Knaak, R."]
[Black "Heinatz, T."]
[Result "1-0"]
[WhiteElo "2530"]
[BlackElo "2355"]
[PlyCount "57"]
[EventDate "1994.??.??"]

1. d4 d6 2. e4 Nf6 3. f3 d5 4. e5 Nfd7 5. f4 c5 6. Nf3 Nc6 7. Be3 cxd4 8. Nxd4
Nxd4 9. Bxd4 Nb8 10. Nd2 Nc6 11. Bf2 h5 12. c3 Bf5 13. Qb3 Qd7 14. Be2 e6 15.
O-O Be7 16. c4 d4 17. Bd3 a5 18. Bxf5 exf5 19. Rad1 a4 20. Qg3 O-O 21. Nf3 Bc5
22. Qg5 Rfd8 23. Qxh5 g6 24. Qh6 Bf8 25. Qh3 d3 26. Ng5 Bg7 27. e6 fxe6 28.
Qh7+ Kf8 29. Bc5+ 1-0

[Event "BL 9394 Stadthagen-Dresden"]
[Site "?"]
[Date "1994.??.??"]
[Round "?.5"]
[White "Andresen, S."]
[Black "Lau, R."]
[Result "1-0"]
[WhiteElo "2370"]
[BlackElo "2535"]
[PlyCount "73"]
[EventDate "1994.??.??"]

1. c4 e6 2. Nc3 d5 3. d4 c6 4. cxd5 exd5 5. Nf3 Na6 6. e4 Nc7 7. Bd3 Be7 8. e5
Bg4 9. Qb3 Rb8 10. Be3 Ne6 11. Nd2 Nh6 12. h3 Bh5 13. O-O g5 14. Ne2 Qb6 15. g4
Bg6 16. Qc2 O-O 17. Nb3 Qc7 18. Rad1 Bxd3 19. Rxd3 f5 20. f3 Rf7 21. Rdd1 Rbf8
22. Kg2 Qb6 23. Qd2 Qd8 24. Na5 fxg4 25. hxg4 Nxg4 26. fxg4 Rxf1 27. Rxf1 Rxf1
28. Nxc6 bxc6 29. Kxf1 Qd7 30. Ng3 Ng7 31. Qe2 Qe6 32. Qf3 c5 33. Nf5 Nxf5 34.
gxf5 Qa6+ 35. Kg2 Qc4 36. f6 Qc2+ 37. Kg3 1-0

[Event "BL 9394 Stadthagen-Dresden"]
[Site "?"]
[Date "1994.??.??"]
[Round "?.6"]
[White "Tischbierek, R."]
[Black "Kaminski, U."]
[Result "1-0"]
[WhiteElo "2490"]
[BlackElo "2390"]
[PlyCount "75"]
[EventDate "1994.??.??"]

1. e4 c5 2. Nf3 d6 3. d4 cxd4 4. Nxd4 Nf6 5. Nc3 Nc6 6. g3 g6 7. Bg2 Nxd4 8.
Qxd4 Bg7 9. a4 O-O 10. a5 Ng4 11. Qb4 Ne5 12. Be3 Be6 13. O-O Qd7 14. f4 Nc6
15. Qa4 Rac8 16. Rf2 f5 17. Rd1 Bxc3 18. bxc3 fxe4 19. Bxe4 Bg4 20. Rb1 Rc7 21.
Rd2 Bf5 22. Bd5+ Be6 23. c4 Rf5 24. g4 Bxd5 25. cxd5 Rxd5 26. Rxd5 Qxg4+ 27.
Kf2 Qh4+ 28. Ke2 Qg4+ 29. Ke1 Qf3 30. Qb3 Kf8 31. c4 Nb4 32. Rg5 Qe4 33. c5
Nc2+ 34. Kd2 Nxe3 35. Qd3 Nc4+ 36. Kc3 Qxd3+ 37. Kxd3 Nxa5 38. cxd6 1-0

[Event "BL 9394 Stadthagen-Dresden"]
[Site "?"]
[Date "1994.??.??"]
[Round "?.7"]
[White "Meyer, P."]
[Black "Keitlinghaus, L."]
[Result "0-1"]
[WhiteElo "2345"]
[BlackElo "2510"]
[PlyCount "82"]
[EventDate "1994.??.??"]

1. Nf3 d5 2. c4 c6 3. d4 Nf6 4. e3 Bf5 5. Qb3 Qb6 6. c5 Qxb3 7. axb3 Bxb1 8.
Rxb1 Nbd7 9. b4 a6 10. Ra1 Rb8 11. Bd3 g6 12. Bd2 Bg7 13. Bc3 O-O 14. O-O Ne8
15. Nd2 e5 16. dxe5 Nxe5 17. Be2 f5 18. Nb3 Nc7 19. g3 Rfe8 20. Kg2 Re7 21.
Rfd1 Kf7 22. Nd4 Bf6 23. h3 h5 24. Rh1 Rh8 25. Rae1 Ne6 26. Nb3 h4 27. f4 Nd7
28. g4 Bxc3 29. bxc3 Nf6 30. gxf5 gxf5 31. Bd3 Ne4 32. Bxe4 dxe4 33. Kf2 Rg8
34. Nd2 Rd7 35. Nc4 Ke7 36. Rhg1 Rxg1 37. Rxg1 Rd3 38. Rc1 Nc7 39. Rc2 Nd5 40.
Ne5 Rxe3 41. c4 Rxh3 0-1

[Event "BL 9394 Stadthagen-Dresden"]
[Site "?"]
[Date "1994.??.??"]
[Round "?.8"]
[White "Heissler, J."]
[Black "Wegener, D."]
[Result "1-0"]
[WhiteElo "2425"]
[BlackElo "2295"]
[PlyCount "87"]
[EventDate "1994.??.??"]

1. e4 c5 2. Nf3 Nc6 3. d3 e6 4. g3 d5 5. Nbd2 Bd6 6. Bg2 Nge7 7. O-O O-O 8. Re1
Rb8 9. c3 b5 10. e5 Bc7 11. Nb3 Bb6 12. Bf4 a5 13. d4 c4 14. Nbd2 Bd7 15. Nf1
b4 16. a4 Bc7 17. h4 f6 18. exf6 Rxf6 19. Bxc7 Qxc7 20. N1h2 Rbf8 21. Ng4 Rf5
22. Qe2 Bc8 23. Ng5 Nd8 24. f4 Nec6 25. Ne3 R5f6 26. Qc2 g6 27. Ng4 Rf5 28.
Nh6+ Kh8 29. Nxf5 gxf5 30. Re3 Qg7 31. Rae1 h6 32. Nxe6 Bxe6 33. Rxe6 Nxe6 34.
Rxe6 Qxg3 35. Qf2 Qxf2+ 36. Kxf2 bxc3 37. bxc3 Rc8 38. Bxd5 Nb4 39. cxb4 c3 40.
bxa5 c2 41. Re1 c1=Q 42. Rxc1 Rxc1 43. a6 Rc7 44. Bb7 1-0

[Event "BL 9394 Erfurt-Stadthagen"]
[Site "?"]
[Date "1994.??.??"]
[Round "?.2"]
[White "Casper, T."]
[Black "Lobron, E."]
[Result "1/2-1/2"]
[WhiteElo "2440"]
[BlackElo "2570"]
[PlyCount "91"]
[EventDate "1994.??.??"]

1. e4 c5 2. Nf3 Nc6 3. d3 g6 4. c3 d5 5. Be2 Bg7 6. O-O e6 7. exd5 exd5 8. Re1
Nge7 9. Bf4 O-O 10. Qd2 d4 11. c4 b6 12. Na3 a6 13. h3 Bb7 14. Nh2 Ne5 15. Ng4
Nxg4 16. Bxg4 h5 17. Be2 Qd7 18. Qd1 Nf5 19. Bf3 Rfe8 20. Bxb7 Qxb7 21. Qa4
Rxe1+ 22. Rxe1 Nh4 23. f3 Nf5 24. Re8+ Bf8 25. Rxa8 Qxa8 26. Qd7 h4 27. Nb1 Bh6
28. Bxh6 Nxh6 29. Nd2 Nf5 30. Ne4 Qf8 31. Nf6+ Kg7 32. Ne8+ Kh6 33. Nf6 b5 34.
cxb5 axb5 35. Qxb5 Qd6 36. Ne4 Qf4 37. Qxc5 Qe3+ 38. Kh2 Qf4+ 39. Kh1 Kg7 40.
Qc2 Qe3 41. Qd1 Qf4 42. b4 Ne3 43. Qa1 Qe5 44. b5 f5 45. Nd2 Nxg2 46. Kxg2
1/2-1/2

[Event "BL 9394 Erfurt-Stadthagen"]
[Site "?"]
[Date "1994.??.??"]
[Round "?.3"]
[White "Sax, G."]
[Black "Schwarz, M."]
[Result "1/2-1/2"]
[WhiteElo "2520"]
[BlackElo "2390"]
[PlyCount "73"]
[EventDate "1994.??.??"]

1. e4 c6 2. d4 d5 3. e5 Bf5 4. Nf3 e6 5. Be2 c5 6. c3 Nc6 7. O-O Bg4 8. Nbd2
cxd4 9. cxd4 Nge7 10. a3 Qb6 11. b4 Nf5 12. Bb2 Be7 13. h3 Bxf3 14. Nxf3 O-O
15. Qd2 Nh4 16. Nxh4 Bxh4 17. Bc3 Bd8 18. Rab1 Re8 19. a4 Rc8 20. Rfc1 Qc7 21.
b5 Ne7 22. Bb4 Qd7 23. Bd3 Rxc1+ 24. Rxc1 Nc8 25. Qc3 Be7 26. a5 Bxb4 27. Qxb4
b6 28. Rc6 bxa5 29. Qc5 a4 30. Rc7 Qd8 31. Rb7 g6 32. Bc2 Qa5 33. Rb8 a3 34.
Rxc8 Rxc8 35. Qxc8+ Kg7 36. Bb3 a2 37. Bxa2 1/2-1/2

[Event "BL 9394 Erfurt-Stadthagen"]
[Site "?"]
[Date "1994.??.??"]
[Round "?.4"]
[White "Enders, P."]
[Black "Knaak, R."]
[Result "1/2-1/2"]
[WhiteElo "2465"]
[BlackElo "2530"]
[PlyCount "68"]
[EventDate "1994.??.??"]

1. e4 e6 2. d4 d5 3. Nc3 Nf6 4. e5 Nfd7 5. f4 c5 6. Nf3 Nc6 7. Be3 cxd4 8. Nxd4
Bc5 9. Qd2 O-O 10. O-O-O a6 11. g3 Qc7 12. Bh3 Nxd4 13. Bxd4 b5 14. Rhe1 Re8
15. Kb1 Bb7 16. a3 Bf8 17. f5 Bc6 18. fxe6 fxe6 19. Ne2 Nc5 20. Nf4 Qd7 21. Qe2
Nb7 22. Qg4 Nd8 23. Bf1 b4 24. Bd3 Bb5 25. axb4 Bxd3 26. Rxd3 Bxb4 27. Nh5 Kh8
28. Rf1 Rf8 29. Rxf8+ Bxf8 30. Bc5 Nc6 31. Rxd5 Qxd5 32. Bxf8 Qh1+ 33. Ka2 Qd5+
34. Kb1 Qh1+ 1/2-1/2

[Event "BL 9394 Erfurt-Stadthagen"]
[Site "?"]
[Date "1994.??.??"]
[Round "?.5"]
[White "Lau, R."]
[Black "Mueller, Mat"]
[Result "1/2-1/2"]
[WhiteElo "2535"]
[BlackElo "2350"]
[PlyCount "30"]
[EventDate "1994.??.??"]

1. e4 c5 2. Nf3 e6 3. d4 cxd4 4. Nxd4 Nf6 5. Nc3 d6 6. f4 Nc6 7. Be2 Be7 8. Be3
O-O 9. Qd2 e5 10. Nb3 exf4 11. Bxf4 Be6 12. Rd1 Ne5 13. O-O a6 14. Kh1 b5 15.
a3 Qc7 1/2-1/2

[Event "BL 9394 Erfurt-Stadthagen"]
[Site "?"]
[Date "1994.??.??"]
[Round "?.7"]
[White "Brueggemann, Joa"]
[Black "Keitlinghaus, L."]
[Result "1/2-1/2"]
[WhiteElo "2340"]
[BlackElo "2510"]
[PlyCount "93"]
[EventDate "1994.??.??"]

1. e4 c5 2. Nf3 d6 3. d4 cxd4 4. Nxd4 Nf6 5. Nc3 a6 6. a4 e6 7. g3 Be7 8. Bg2
O-O 9. O-O Nc6 10. b3 d5 11. exd5 exd5 12. Bb2 Bg4 13. Nce2 Qd7 14. f3 Bh3 15.
Nf4 Bxg2 16. Kxg2 Rfe8 17. Re1 Bb4 18. Rxe8+ Rxe8 19. Nde2 Bc5 20. Bxf6 gxf6
21. c3 Qf5 22. Ra2 Ne5 23. Nd4 Bxd4 24. Qxd4 Rd8 25. Rd2 Nc6 26. Qc5 Qe5 27.
Nxd5 Kg7 28. c4 Re8 29. Qf2 Na5 30. Nf4 Nxb3 31. Re2 Qb8 32. Rxe8 Qxe8 33. Qb2
Qxa4 34. Nd5 Qxc4 35. Qxf6+ Kg8 36. Ne7+ Kf8 37. Nf5 Qe2+ 38. Kh3 Ke8 39. Ng7+
Kf8 40. Nf5 Ke8 41. Kh4 Qxh2+ 42. Kg4 Qe2 43. Qd6 Qe6 44. Qb8+ Kd7 45. Qxb7+
Kd8 46. Qb8+ Kd7 47. Qb7+ 1/2-1/2

[Event "BL 9394 Erfurt-Stadthagen"]
[Site "?"]
[Date "1994.??.??"]
[Round "?.8"]
[White "Voekler, B."]
[Black "Heissler, J."]
[Result "0-1"]
[WhiteElo "2350"]
[BlackElo "2425"]
[PlyCount "76"]
[EventDate "1994.??.??"]

1. e4 c5 2. c4 Nc6 3. Ne2 d6 4. Nbc3 g6 5. d3 Bg7 6. g3 e6 7. Bg2 Nge7 8. Be3
Nd4 9. Qd2 a6 10. O-O O-O 11. Rab1 Rb8 12. Bg5 f6 13. Be3 e5 14. b4 Be6 15. f4
Qd7 16. fxe5 fxe5 17. Bxd4 cxd4 18. Nd5 Nxd5 19. cxd5 Bg4 20. Rxf8+ Rxf8 21.
Rf1 Qe7 22. h3 Bd7 23. Nc1 Rxf1+ 24. Bxf1 Qf8 25. Qf2 Qc8 26. Qd2 Qf8 27. Qf2
Qd8 28. Nb3 Bh6 29. Kh2 Be3 30. Qf3 b6 31. h4 Kg7 32. Bh3 Bb5 33. Qf1 Qc7 34.
Be6 Qc2+ 35. Kh3 Qf2 36. Qd1 h5 37. Na1 Bf4 38. gxf4 exf4 0-1

[Event "BL 9394 Dresden-HSK"]
[Site "?"]
[Date "1994.??.??"]
[Round "?.3"]
[White "Ftacnik, L."]
[Black "Lanka, Z."]
[Result "1-0"]
[WhiteElo "2565"]
[BlackElo "2535"]
[PlyCount "67"]
[EventDate "1994.??.??"]

1. d4 Nf6 2. Nf3 g6 3. c4 Bg7 4. Nc3 d6 5. e4 O-O 6. Be2 e5 7. O-O Nc6 8. d5
Ne7 9. Nd2 c6 10. dxc6 bxc6 11. b4 d5 12. a4 g5 13. cxd5 cxd5 14. exd5 Nfxd5
15. Nxd5 Nxd5 16. Ne4 g4 17. Bg5 f6 18. Bc4 Be6 19. Qb3 fxg5 20. Rad1 Kh8 21.
Bxd5 Bxd5 22. Rxd5 Qe8 23. Rd6 h6 24. Rfd1 Rc8 25. b5 Rf4 26. Qd5 Qg8 27. Rc6
Rb8 28. Qxg8+ Kxg8 29. Rc4 Rf7 30. Kf1 Rb6 31. Rd8+ Kh7 32. Nd6 Rf4 33. Rxf4
exf4 34. a5 1-0

[Event "BL 9394 Dresden-HSK"]
[Site "?"]
[Date "1994.??.??"]
[Round "?.5"]
[White "Michaelsen, N."]
[Black "Heinatz, T."]
[Result "1/2-1/2"]
[WhiteElo "2430"]
[BlackElo "2355"]
[PlyCount "33"]
[EventDate "1994.??.??"]

1. d4 d6 2. c4 Nf6 3. Nc3 Nbd7 4. e4 e5 5. Nf3 g6 6. Be2 Bg7 7. O-O O-O 8. Re1
h6 9. Rb1 Nh7 10. h3 Ng5 11. Be3 Nxf3+ 12. Bxf3 exd4 13. Bxd4 Ne5 14. Be2 g5
15. c5 c6 16. Rc1 Re8 17. Rc2 1/2-1/2

[Event "BL 9394 Dresden-HSK"]
[Site "?"]
[Date "1994.??.??"]
[Round "?.6"]
[White "Andresen, S."]
[Black "Wegner, H."]
[Result "1/2-1/2"]
[WhiteElo "2370"]
[BlackElo "2385"]
[PlyCount "81"]
[EventDate "1994.??.??"]

1. c4 Nf6 2. Nc3 c5 3. Nf3 Nc6 4. e3 e6 5. d4 d5 6. cxd5 Nxd5 7. Bd3 cxd4 8.
exd4 Be7 9. O-O O-O 10. Bc2 Qd6 11. Bg5 Rd8 12. Qd3 g6 13. Ne4 Qc7 14. Bxe7
Qxe7 15. Ba4 Bd7 16. Qd2 Nf6 17. Nc3 Nb4 18. Bb3 Bc6 19. Ne5 Bd5 20. Ba4 Rac8
21. a3 Na6 22. Rfe1 Nc7 23. Qh6 Qf8 24. Qh4 Qg7 25. f4 Na8 26. Rad1 Nb6 27. Bb5
a6 28. Bf1 Bb3 29. Rd2 Nbd5 30. Nxd5 Bxd5 31. Bd3 Ne8 32. Rc2 Qf6 33. Qxf6 Nxf6
34. Rec1 Rxc2 35. Rxc2 Ne8 36. Kf2 Kf8 37. Ke3 Ke7 38. Be4 Bxe4 39. Kxe4 f6 40.
Nf3 Nd6+ 41. Kd3 1/2-1/2

[Event "BL 9394 Dresden-HSK"]
[Site "?"]
[Date "1994.??.??"]
[Round "?.7"]
[White "Reefschlaeger, H."]
[Black "Kaminski, U."]
[Result "1/2-1/2"]
[WhiteElo "2385"]
[BlackElo "2390"]
[PlyCount "55"]
[EventDate "1994.??.??"]

1. b4 d5 2. Bb2 Bg4 3. Nf3 Bxf3 4. exf3 e6 5. b5 Nf6 6. Be2 Bd6 7. O-O Nbd7 8.
d4 Qe7 9. c4 dxc4 10. Nd2 Nb6 11. Nxc4 O-O 12. g3 Nxc4 13. Bxc4 Ba3 14. Bxa3
Qxa3 15. Qb3 Qd6 16. Rfd1 Rfd8 17. a4 Rd7 18. Rd3 Rad8 19. Rad1 c6 20. bxc6
bxc6 21. Rb1 g6 22. a5 Qc7 23. a6 Qa5 24. Kg2 Nd5 25. Bxd5 Rxd5 26. Qb7 R5d7
27. Qxc6 Rd6 28. Qb5 1/2-1/2

[Event "BL 9394 Dresden-HSK"]
[Site "?"]
[Date "1994.??.??"]
[Round "?.8"]
[White "Wegener, D."]
[Black "Heinemann, T."]
[Result "1-0"]
[WhiteElo "2295"]
[BlackElo "2380"]
[PlyCount "75"]
[EventDate "1994.??.??"]

1. e4 c5 2. Nf3 d6 3. d4 cxd4 4. Nxd4 Nf6 5. Nc3 a6 6. Bg5 e6 7. f4 Nbd7 8. Qe2
Qc7 9. O-O-O Be7 10. Nf3 Nb6 11. Kb1 h6 12. Bh4 d5 13. exd5 Nbxd5 14. Nxd5 Nxd5
15. Bxe7 Qxe7 16. Qe5 Nf6 17. g4 Bd7 18. g5 Nh5 19. Rg1 hxg5 20. Rxg5 Nf6 21.
Rxg7 O-O-O 22. Be2 Be8 23. Nd4 Rxh2 24. Rg3 Nd5 25. c4 Nxf4 26. Nf5 Qc7 27.
Rxd8+ Kxd8 28. Qf6+ Kc8 29. Rg8 Kd7 30. Qe7+ Kc6 31. Qxe8+ Kb6 32. b4 Rh1+ 33.
Kc2 Rc1+ 34. Kxc1 Nxe2+ 35. Kb1 Qxc4 36. Qd8+ Kb5 37. Nd6+ Kxb4 38. Nxc4 1-0

[Event "BL 9394 Bamberg-Empor Berlin"]
[Site "?"]
[Date "1994.??.??"]
[Round "?.2"]
[White "Pribyl, J."]
[Black "Luther, T."]
[Result "1/2-1/2"]
[WhiteElo "2395"]
[BlackElo "2515"]
[PlyCount "91"]
[EventDate "1994.??.??"]

1. c4 e6 2. Nf3 d5 3. g3 dxc4 4. Qa4+ c6 5. Qxc4 b5 6. Qc2 Bb7 7. Bg2 Nf6 8.
O-O Nbd7 9. b3 Rc8 10. Bb2 Be7 11. Nc3 O-O 12. Rfd1 Qb6 13. Ne4 Nxe4 14. Qxe4
c5 15. Qc2 Bf6 16. Rac1 Rfd8 17. Bxf6 Nxf6 18. Qb2 h6 19. d4 cxd4 20. Rxc8 Rxc8
21. Qxd4 Qxd4 22. Nxd4 Bxg2 23. Kxg2 a6 24. e3 Kf8 25. Kf3 Ke7 26. Rd2 g6 27.
h4 e5 28. Nc2 Ke6 29. e4 Ne8 30. Nb4 a5 31. Rc2 Rxc2 32. Nxc2 Kd6 33. Ke3 Kc5
34. Kd3 Nd6 35. a3 a4 36. b4+ Kc6 37. Ne3 Kd7 38. g4 Ke6 39. f3 h5 40. gxh5
gxh5 41. Ke2 Nc8 42. Nf5 Nb6 43. Ne3 Nc8 44. Nf5 Nb6 45. Ne3 Nc8 46. Nf5
1/2-1/2

[Event "BL 9394 Bamberg-Empor Berlin"]
[Site "?"]
[Date "1994.??.??"]
[Round "?.3"]
[White "Volke, K."]
[Black "Meister, P."]
[Result "1-0"]
[WhiteElo "2480"]
[BlackElo "2415"]
[PlyCount "105"]
[EventDate "1994.??.??"]

1. b4 e5 2. Bb2 Bxb4 3. Bxe5 Nf6 4. c4 O-O 5. Nf3 Re8 6. Bb2 d5 7. e3 Nc6 8.
cxd5 Nxd5 9. Be2 Bd6 10. O-O Ne5 11. Nc3 Nxc3 12. Bxc3 Bf5 13. Nd4 Bd3 14. f4
Bxe2 15. Qxe2 Ng6 16. Rab1 Rb8 17. Qf3 c6 18. Qh5 Be7 19. f5 Nf8 20. Qg4 f6 21.
Rf3 Bd6 22. Ne2 Qe7 23. Ng3 c5 24. Nh5 Nd7 25. Qa4 a6 26. Rbf1 Qf7 27. Qh4 b5
28. a4 Qc4 29. Qxc4+ bxc4 30. Rh3 Be5 31. Ba5 Bb2 32. Rf4 c3 33. dxc3 Bc1 34.
Rg4 Rb1 35. Kf2 Rb2+ 36. Kf1 Re7 37. Rhg3 Kf8 38. Nxg7 Rxe3 39. Ne6+ Ke7 40.
Bc7 Rxg3 41. Rxg3 Bg5 42. Rd3 c4 43. Rd4 Rb1+ 44. Ke2 Rb2+ 45. Kf3 Bd2 46. Rxc4
Be1 47. Nf4 Rf2+ 48. Ke3 Rc2 49. Nd5+ Kf7 50. Re4 Ne5 51. Bxe5 fxe5 52. Kd3
Rd2+ 53. Kc4 1-0

[Event "BL 9394 Bamberg-Empor Berlin"]
[Site "?"]
[Date "1994.??.??"]
[Round "?.4"]
[White "Hennings, A."]
[Black "Rabiega, R."]
[Result "0-1"]
[WhiteElo "2365"]
[BlackElo "2480"]
[PlyCount "100"]
[EventDate "1994.??.??"]

1. e4 c5 2. Nc3 Nc6 3. Bb5 g6 4. Nge2 Bg7 5. O-O e6 6. Bxc6 dxc6 7. d3 Nf6 8.
Be3 Qe7 9. h3 O-O 10. Qc1 Re8 11. Bh6 Bh8 12. Ng3 Nd7 13. Qd2 e5 14. Rae1 Nf8
15. Nce2 Be6 16. b3 Rad8 17. Bg5 f6 18. Be3 Bf7 19. f4 exf4 20. Nxf4 b6 21. Qf2
Nd7 22. Kh1 Ne5 23. Rd1 Bg7 24. Nfe2 Be6 25. Ng1 Rf8 26. Nf3 Nxf3 27. Qxf3 f5
28. Qe2 Be5 29. exf5 Bxg3 30. fxe6 Qxe6 31. Qd2 Rf5 32. Rxf5 Qxf5 33. a4 Rf8
34. Bg1 h5 35. Qe2 Qe5 36. Qxe5 Bxe5 37. Be3 Bg3 38. a5 Re8 39. Bg1 Re2 40. Rc1
Kf7 41. axb6 axb6 42. d4 cxd4 43. Bxd4 c5 44. Bg1 Ke6 45. c3 Kd5 46. c4+ Ke4
47. Rb1 Re1 48. Rxe1+ Bxe1 49. Bh2 Kd3 50. Bc7 Ba5 0-1

[Event "BL 9394 Bamberg-Empor Berlin"]
[Site "?"]
[Date "1994.??.??"]
[Round "?.5"]
[White "Poldauf, D."]
[Black "Pribyl, M."]
[Result "1-0"]
[WhiteElo "2425"]
[BlackElo "2360"]
[PlyCount "67"]
[EventDate "1994.??.??"]

1. c4 e5 2. Nc3 Bb4 3. Nd5 Ba5 4. b4 c6 5. bxa5 cxd5 6. cxd5 Nf6 7. e4 Qxa5 8.
f3 d6 9. Ne2 Nbd7 10. a4 Nc5 11. Nc3 O-O 12. Be2 Nh5 13. g3 f5 14. O-O fxe4 15.
fxe4 Bh3 16. Rxf8+ Rxf8 17. Ba3 Nd3 18. Qb1 Ndf4 19. gxf4 Nxf4 20. Bf3 Qd8 21.
Qe1 Rf6 22. Qe3 Rh6 23. Ne2 Qg5+ 24. Ng3 Qh4 25. d3 Bg2 26. Bh5 g6 27. Bxd6
gxh5 28. Bxe5 Ng6 29. Qxh6 Nxe5 30. Kxg2 Ng4 31. Qe6+ Kh8 32. Qe8+ Kg7 33. Nf5+
Kf6 34. Nxh4 1-0

[Event "BL 9394 Bamberg-Empor Berlin"]
[Site "?"]
[Date "1994.??.??"]
[Round "?.6"]
[White "Huemmer, B."]
[Black "Stern, R."]
[Result "1/2-1/2"]
[WhiteElo "2290"]
[BlackElo "2385"]
[PlyCount "132"]
[EventDate "1994.??.??"]

1. d4 d5 2. Nf3 Nf6 3. Bg5 Nbd7 4. e3 e6 5. Nbd2 Be7 6. Bd3 O-O 7. c3 b6 8. Qb1
Bb7 9. Ne5 h6 10. Bf4 Nxe5 11. Bxe5 Nd7 12. Bf4 Bf6 13. Nf3 Re8 14. O-O e5 15.
dxe5 Nxe5 16. Nxe5 Bxe5 17. Bxe5 Rxe5 18. Be2 d4 19. cxd4 Qd5 20. e4 Qxd4 21.
Rd1 Qxe4 22. Qxe4 Bxe4 23. Bc4 Bf5 24. Rd2 Rae8 25. f3 a5 26. Kf2 g6 27. Rad1
Kg7 28. Rd4 h5 29. R1d2 R8e7 30. Rd8 Rc5 31. R8d4 Be6 32. Bf1 Re8 33. a3 Bb3
34. Be2 Re6 35. Rd7 Rec6 36. Bd3 Bc2 37. Be2 Bf5 38. R7d4 Rc2 39. Ke3 Re6+ 40.
Kf2 Rxd2 41. Rxd2 h4 42. g4 hxg3+ 43. hxg3 Rc6 44. Bd1 Kf6 45. Bb3 Rc5 46. Ke3
Be6 47. Bd1 Re5+ 48. Kf2 g5 49. Rd4 c5 50. Rd6 Rd5 51. Rxd5 Bxd5 52. Ke3 b5 53.
Be2 Bc6 54. f4 gxf4+ 55. gxf4 Ke6 56. Bg4+ Kd6 57. Be2 f6 58. Bf1 b4 59. Be2
Be8 60. Bf3 Bf7 61. Bg2 Bd5 62. Bf1 Ba2 63. Bg2 c4 64. axb4 axb4 65. Kd4 Ke7
66. Bf1 c3 1/2-1/2

[Event "BL 9394 Bamberg-Empor Berlin"]
[Site "?"]
[Date "1994.??.??"]
[Round "?.7"]
[White "Thinius, M."]
[Black "Stickler, A."]
[Result "1-0"]
[WhiteElo "2305"]
[BlackElo "2245"]
[PlyCount "85"]
[EventDate "1994.??.??"]

1. Nf3 Nf6 2. c4 c5 3. Nc3 e6 4. g3 b6 5. Bg2 Bb7 6. O-O d6 7. Re1 Be7 8. e4 a6
9. d4 cxd4 10. Nxd4 Qc7 11. Be3 Nbd7 12. Rc1 O-O 13. f4 Rfe8 14. g4 Nc5 15. Bf2
g6 16. b4 e5 17. bxc5 exd4 18. cxb6 Qxb6 19. Bxd4 Qc7 20. Nd5 Bxd5 21. cxd5 Qd8
22. Bf3 Nd7 23. g5 Bf8 24. Rc6 Qe7 25. Bg4 Nb8 26. Rc3 Bg7 27. Bxg7 Kxg7 28.
Qd4+ Kg8 29. e5 Qa7 30. Qxa7 Rxa7 31. e6 Rb7 32. Rec1 fxe6 33. dxe6 a5 34. Rc7
Rxc7 35. Rxc7 Na6 36. Ra7 Nc5 37. f5 gxf5 38. Bh5 Rxe6 39. Bf7+ Kh8 40. Bxe6
Nxe6 41. Rxa5 Nxg5 42. Rxf5 Ne4 43. a4 1-0